Foreign theses in British libraries (Record no. 14268)

MARC details
000 -LEADER
fixed length control field 00262nam a2200109Ia 4500
082 ## - DEWEY DECIMAL CLASSIFICATION NUMBER
Classification number RR 011 JOH
245 #0 - TITLE STATEMENT
Title Foreign theses in British libraries
260 ## - PUBLICATION, DISTRIBUTION, ETC. (IMPRINT)
Place of publication Birmingham
Name of publisher University of Birmingham
Year of publication 1971
300 ## - PHYSICAL DESCRIPTION
Number of Pages 27p.
700 ## - ADDED ENTRY--PERSONAL NAME
Personal name Johnson, R.S
942 ## - ADDED ENTRY ELEMENTS (KOHA)
Koha item type Books
Holdings
Withdrawn status Lost status Damaged status Not for loan Home library Current library Date acquired Full call number Accession Number Price effective from Koha item type
        NASSDOC Library NASSDOC Library 08/10/2004 RR 011 JOH 4200 18/04/2019 Books